01859cam a2200253 4500001000500000005001700005008003900022010001700061020002200078020002500100082001200125100003700137245015500174250001900329264003000348300004000378336002100418337002500439338002300464500002000487505104800507650002001555700003001575796020220421112246.0121128s2013 maua 001 0 eng a 2012372306 a0133061639 (hbk.) a9780133061635 (hbk.)00a3392231 aBlanchard, Olivierq(Olivier J.)10aMacroeconomics /cOlivier Blanchard, International Monetary Fund, Massachusetts Institute of Technology, David R. Johnson, Wilfrid Laurier University. aSixth Edition. 1aBoston :bPearson,c2017. a553 pages :billustrations ;c27 cm atext2rdacontent aunmediated2rdamedia avolume2rdacarrier aIncludes index. aTHE CORE Introduction1. A Tour of the World 2. A Tour of the Book The Short Run 3. The Goods Market 4. Financial Markets I5. Goods and Financial Markets; The IS-LM Model6. Financial Markets II The Medium Run7. The Labor Market8. The Phillips Curve, the Natural Rate of Unemployment, and Inflation9. Putting All Markets Together: From the Short to the Medium Run The Long Run10. The Facts of Growth11. Saving, Capital Accumulation, and Output12. Technological Progress and Growth13. Technological Progress: The Short, the Medium, and the Long Runs EXTENSIONS Expectations14. Financial Markets and Expectations15. Expectations, Consumption, and Investment16. Expectations, Output, and Policy The Open Economy17. Openness in Goods and Financial Markets18. The Goods Market in an Open Economy19. Output, the Interest Rate, and the Exchange Rate20. Exchange Rate Regimes Back to Policy21. Should Policy Makers Be Restrained?22. Fiscal Policy: A Summing Up23. Monetary Policy: A Summing Up24. Epilogue: The Story of Macroeconomics 0aMacroeconomics.1 aJohnson, David R.,d1956-